000 00491nam a2200181Ia 4500
008 100920s9999 xx 000 0 und d
082 _b72838
_a20 थ 98
100 _a---
245 _aNATIONAL GEOGRAPHIC.
260 _bNATIONAL GEOGRAPHIC SOCIETY , WASHINGTON.
_c1998
300 _a140
_bसाधी
365 _b200
520 _aरेफरन्स.
630 _aNATIONAL GEOGRAPHIC.
650 _aरेफरन्स.
730 _aNATIONAL GEOGRAPHIC.
942 _cBOOK
999 _c714582
_d714579